000 00360 a2200169 4500
001 186791
020 _a85-7311-358-8
040 _cMagnum
100 _aCampo, Guilherme Del
240 1 0 _aUma vovó italiana
_lpor
245 1 0 _aUma vovó italiana
300 _a20
362 0 _a1996
440 1 _aPaulinas
697 _aLITERATURA INFANTO
942 _cBK
999 _c186791
_d186791